| 000 | 00929 a2200217 4500 | ||
|---|---|---|---|
| 001 | 53856 | ||
| 005 | 20260407155809.0 | ||
| 008 | 260407a1971 arg spa d | ||
| 003 | AR-UNSa-BCEJYS | ||
| 040 |
_aAR-UNSa-BCEJYS _bspa _cAR-UNSa-BCEJYS |
||
| 080 |
_a330.342.146 _xEconomía social de mercado. Economía del estado del bienestar |
||
| 245 | 1 | 0 |
_aPolítica, economía y bienestar _pLa planificación y los sistemas político-económicos reducidos a procesos |
| 264 | 1 |
_aBuenos Aires : _bPaidós _c1971 |
|
| 300 |
_a527 p. _c23 cm. |
||
| 505 | _a1. Las metas individuales y la acción - 2. Los tipos básicos de procesos - 3. Los procesoso sociales que se requieren para la economización - 4. Cuatro procesos sociopolíticos centrales - 5. Las técnicas socio-políticas | ||
| 041 | _aspa | ||
| 942 | _cBK | ||
| 590 | _aniveau_biblio:m niveau_hierar:0 | ||
| 100 | 1 | _aDahl, Robert A. | |
| 700 | 1 | _aLindblom, Charles E. | |
| 999 |
_c5271 _d5271 |
||